000 00817nam a2200253Ia 4500
003 OSt
005 20220923212950.0
006 a|||||r|||| 00| 0
007 ta
008 220922b |||||||| |||| 00| 0 hin d
024 _a157,470
037 _cTextual
040 _aARTS
_cARTS
_bhin
041 _2hin
_ahin
082 _aO152:g, J0
100 _aवार्ष्णय, लक्ष्मीसागर
245 0 _aसाहित्य चिंतन
246 _aSāhitya chiantana
260 _aबंबई
_b राजस्थान प्रेस
_c1949
300 _a180पृ.
_ccm.
650 _aहिन्दी साहित्य
_9156264
942 _hO152:g, J0
_cTEXL
_2CC
999 _c312687
_d312687